Ciencias naturales 8 /

Guardado en:
Autor Principal: Amestoy, Elena Marcela
Otros Autores: Lois de del Bustio, Delia E.
Formato: Libro
Publicado: Buenos Aires : Stella, 1998
Materias:
Etiquetas: Agregar Etiqueta
Sin Etiquetas, Sea el primero en etiquetar este registro!
LEADER 00913nam a22002295a 4500
001 CEM.cems009645
005 20080229084959.0
008 130507s1998##################000#0#####d
003 CEMS
020 |a 9505253117 
082 0 4 |a Z570 
100 1 |a Amestoy, Elena Marcela 
245 1 0 |a Ciencias naturales 8 /  |c Elena Marcela Amestoy , Delia E. Lois de Del Bustio 
260 |a Buenos Aires :  |b Stella,  |c 1998 
300 |a 208 p. 
500 |a Para 8º año Egb 
505 0 |a Cómo se organizan los seres vivos -- Cómo aprovechan la materia y la energía los seres vivos -- Cómo se relacionan los seres vivos con el ambiente -- Cómo se perpetúan los seres vivos en el tiempo -- Ahora nosotros (humanos) 
653 |a Biología 
653 |a Ciencias naturales 
653 |a Ciencias naturales-8ºegb 
700 1 |a Lois de del Bustio, Delia E. 
859 |a CEMS  |b BIB. CEMS - 11 de abril  |h Z570  |i Am36  |p 19866.98  |t Ej.1  |v 8º  |3 8º